00875nam a2200241Ia 4500001000600000003000900006008004100015040001300056040001300069041001300082100001700095100002900112245004200141245003500183250001100218260001200229260001400241260004900255300005900304500020400363650003500567650003100602F3574IT-RoPAU130308s9999 xx 000 0 und d aIT-RoPAU cIT-RoPAU aITALIANO aBelyj Andrej gCodice Aut. SPICS: 51085 aTeatro e il dramma contemporaneo (Il) bEstetica-1997-La Comunicazione a1a ed. aBOLOGNA bIl Mulino c1998 [1° Ed.:1998 - Ed.Ling.Originale:1907] a"36 p. (prefazione: no ; testo: 36 [pagine: 281-316])" aIntroduzione al Saggio di Chiara Cantelli. dramma tensione Piu' Alta Dellacreazione Poetica. Gli Uomini Diverranno Loro stessi forme Artistiche. dramma Simbolico. Tragedia Insita nell'Atto Creativo. aSAGGI DI COMUNICAZIONE SOCIALE eCodice materia Spics: 3807